| 000 | 03769cam a22003974i 4500 | ||
|---|---|---|---|
| 003 | PE-LiUPU | ||
| 005 | 20250731183427.0 | ||
| 008 | 150706s r 000 0 d | ||
| 020 | _a9783938780312 | ||
| 035 | _a(Sirsi) i9783938780312 | ||
| 040 |
_aPE-LiUPU _bspa _cPE-LiUPU _erda |
||
| 049 | _aPRUA | ||
| 082 | 0 | 4 |
_a721.04473 _bM48M _221 |
| 100 | 1 |
_aMeyho¨fer, Dirk, _eautor. |
|
| 245 | 1 | 0 |
_aMagic metal : _bbuildings of steel, aluminium, copper and tin / _cproyectos seleccionados por Dirk Meyho¨fer; [traducción, Stephen Roche]. |
| 264 | 1 |
_a[Berlin] : _bBraun,, _c2008. |
|
| 300 |
_a256 páginas : _bilustraciones ; _c25 centímetros |
||
| 336 |
_atext _2rdacontent |
||
| 337 |
_aunmediated _2rdamedia |
||
| 338 |
_avolume _2rdacarrier |
||
| 505 | 0 | _aBone -- New city centre vaihingen -- Orang-utan house in the hagenbeck zoo -- Hohen luckow residential house -- "Les Bons Enfants" -- Total service stations in hellebecq -- Südwesmetall heilbronn new branch offices -- LBK infothek -- Jussieu university building -- Kiel central railway station -- Ski jump vogtland arena -- Light rail station in the hague -- THS administrative building, nordstern colliery -- Forum messe - Trade fair centre -- Seattle central library -- Tivoli concert hall -- Kai 13 -- Lentos kunstmuseum -- Central bus station in herne -- Quayside granary warehouse on the river port in harburg -- Galway-mayo IT learning resource centre -- Südwestmetall reutlingen -- Hessing cockpit building in an acoustic barrier -- Slender and bender -- training centre with cafeteria -- Kontor 19 -- Elektro graf extension -- Expansion of the "Klosterschule" school in hamburg -- Conversion and refurbishment of Jakobstrabe bower in Braunschweig -- Relaxation park in torrevieja -- AS 16 suncatcher -- "Industrial culture workshop" Göttelborn coal mine -- Main auditorium of Brandenburg university of Applied Sciences -- Rolandsbrücke office building -- Headquarters of Fanuc Robotics Deutschland -- Palestra office building -- Xeros residence -- School of art & art history, university of lowa -- Sculpture -- Marqués de riscal hotel -- Popstage mezz -- Bugatti company headquarters -- WKK energy plant -- Veranda parking garage -- Tea house on bunker -- Harbour control tower -- Wales millennium centre -- BMW plant leipzig - central building -- Eco-boulevard of vallecas, new suburban extension of madrid -- Rooftecture S -- Echigo-Matsunoyama museum of natural science -- Sachsenhausen memorial "Station Z" -- House of sweden -- Headquarters of ferrari S.p.A -- Unidade industrial da inapal metal -- Son- o -house -- XXL -- Project education centre: the core -- Airbus A380 manufacturing halls -- DeBrug headquarters unilever -- "Culture island" in middelfart -- City hall in graz -- Paul Klee centre -- New trade fair Milan -- BMW project house in the research and innovation centre munich -- Centre for moderm music/BIMhuis -- Walt disney concert hall -- Padre pio pilgrimage church -- Bianimale nomadic museum. | |
| 526 | _aP158 | ||
| 526 | _aP146 | ||
| 526 | _aP17 | ||
| 526 | _aP12 | ||
| 526 | _aP06 | ||
| 541 | _g001-000410; | ||
| 650 | 0 | 4 |
_aArquitectura moderna _ySiglo XXI. |
| 650 | 0 | 4 |
_aEstructuras metálicas _xUniones. |
| 910 | _agl20110517 | ||
| 942 |
_2ddc _cBOOK |
||
| 949 |
_a721.04473 M48M _wDEWEY _c1 _i62900 _d2015-8-21 _e2015-8-20 _lCCODEBUL1 _mBUL _n1 _p72.00 _r0 _sY _tBOOK _u2015-7-6 _xINGENIERIA _PP06 _0COMPRA _o.STAFF. Colección General |
||
| 994 |
_aC0 _bPEPRU |
||
| 596 | _a1 | ||
| 999 |
_a721.04473 M48M _wDEWEY _c51927 _i62900 _d51927 _e2018-9-13 _f2021-11-9 _g7 _lCCODEBUL1 _mBUL _n3 _p72.00 _q1 _r0 _sY _tBOOK _u2015-7-6 _xINGENIERIA _PP06 _0COMPRA _o.STAFF. Colección General |
||
| 980 |
_81 _gALBERTO SANCHEZ Responsable de Automatización |
||